000 00674nam a2200253Ia 4500
003 OSt
005 20220924131806.0
006 a|||||r|||| 00| 0
007 ta
008 220923b |||||||| |||| 00| 0 tel d
020 _cRs.2.
024 _a345736
037 _cTextual
040 _aARTS
_cARTS
_btel
041 _2tel
_atel
082 _aO35,3NLA1,14, L0
100 _aLatha Au.
_9191505
245 0 _aGali Padagalu-Niti Budagalu
260 _aVijayawada
_bAnant Publications India
_c1970
300 _a96p.
_ccm.
650 _aTELUGU LITERATURE
942 _hO35,3NLA1,14, L0
_cTEXL
_2CC
999 _c428197
_d428197